000 004960000a22001930004500
003 LK-CoMWRAF
005 20230930000241.0
008 230817t ||||| |||| 00| 0 eng d
020 _a8185738939
040 _aLK-CoMWRAF
_dLK-CoMWRAF
_eLK-CoMWRAF
041 _aeng
082 _a297.644
_bELA
100 _aElahi, Maulana Muhammad Ashiq
245 _aThe Daughters of the Prophet
260 _aNew Delhi :
_bAbdul Naeem,
_c2001
300 _a96p
650 _aProphet--Daughters
942 _cBK
999 _c938
_d938